[Event "Moscow4"]
[Site "Moscow"]
[Date "1990.??.??"]
[Round "?"]
[White "Garkov, Mitko"]
[Black "Arbakov, Valentin"]
[Result "0-1"]
[WhiteElo "2315"]
[BlackElo "2525"]
[PlyCount "94"]
[EventDate "1990.??.??"]
[EventType "tourn"]
[EventRounds "11"]
[EventCountry "URS"]
[EventCategory "5"]
[SourceTitle "EXT 1997"]
[Source "ChessBase"]
[SourceDate "1996.11.15"]
[SourceVersion "1"]
[SourceVersionDate "1996.11.15"]
[SourceQuality "1"]

1. e4 c5 2. Nf3 d6 3. d4 cxd4 4. Nxd4 Nf6 5. Nc3 a6 6. f4 e5 7. Nf3 Qc7 8. Bd3 Be7 9. 0-0 Nbd7 10. Kh1 0-0 11. fxe5 Nxe5 12. Bg5 Be6 13. Nxe5 dxe5 14. Qe1 Nh5 15. Bxe7 Qxe7 16. Nd5 Bxd5 17. exd5 g6 18. c4 a5 19. Qe3 Qd6 20. Rae1 Rae8 21. Bc2 Re7 22. Rf3 Rfe8 23. b3 e4 24. Rff1 f5 25. Bd1 Ng7 26. Be2 b6 27. Qc1 Rf8 28. g3 h5 29. Qf4 Ne8 30. Qxd6 Nxd6 31. Kg2 Kg7 32. Rc1 Rc7 33. Kf2 Kf6 34. Ke3 Ke5 35. h4 Rg8 36. a4 g5 37. hxg5 Rxg5 38. Kf2 Rcg7 39. Rc3 Kd4 40. Re3 h4 41. Rd1+ Ke5 42. gxh4 Rg2+ 43. Ke1 Rh2 44. Bf1 Rg1 45. Rc3 f4 46. c5 bxc5 47. Rxc5 f3 0-1

[Event "Cheliabinsk-B"]
[Site "Cheliabinsk"]
[Date "1990.??.??"]
[Round "?"]
[White "Garkov, Mitko"]
[Black "Bezgodov, Alexei"]
[Result "0-1"]
[WhiteElo "2315"]
[BlackElo "2340"]
[PlyCount "48"]
[EventDate "1990.??.??"]
[EventType "tourn"]
[EventRounds "13"]
[EventCountry "URS"]
[EventCategory "5"]
[SourceTitle "EXT 2000"]
[Source "ChessBase"]
[SourceDate "1999.11.16"]
[SourceVersion "1"]
[SourceVersionDate "1999.11.16"]
[SourceQuality "1"]

1. e4 d5 2. exd5 Nf6 3. b3 Qxd5 4. Bb2 e5 5. Nc3 Qa5 6. Nge2 Bc5 7. Ng3 0-0 8. Be2 Bd4 9. 0-0 e4 10. Na4 Nc6 11. c3 Be5 12. b4 Qd5 13. b5 Bxg3 14. bxc6 Bd6 15. cxb7 Bxb7 16. c4 Qg5 17. c5 Bf4 18. Bxf6 Qxf6 19. Rb1 Bc6 20. Bb5 Rad8 21. Bxc6 Qxc6 22. Qb3 Rxd2 23. g3 Bg5 24. Rfd1 e3 0-1

[Event "Cheliabinsk-B"]
[Site "Cheliabinsk"]
[Date "1990.??.??"]
[Round "?"]
[White "Garkov, Mitko"]
[Black "Gleizerov, Evgeny"]
[Result "0-1"]
[WhiteElo "2315"]
[BlackElo "2465"]
[PlyCount "66"]
[EventDate "1990.??.??"]
[EventType "tourn"]
[EventRounds "13"]
[EventCountry "URS"]
[EventCategory "5"]
[SourceTitle "EXT 2000"]
[Source "ChessBase"]
[SourceDate "1999.11.16"]
[SourceVersion "1"]
[SourceVersionDate "1999.11.16"]
[SourceQuality "1"]

1. e4 e6 2. d3 d5 3. Nd2 c5 4. Ngf3 Nc6 5. g3 g6 6. Bg2 Bg7 7. 0-0 Nge7 8. a3 b6 9. Rb1 a5 10. Nh4 Ba6 11. f4 dxe4 12. Nxe4 0-0 13. b3 Nd5 14. Bd2 Rc8 15. Nf3 Re8 16. g4 f5 17. Nf2 Qd6 18. Qc1 Nd4 19. Re1 Nc3 20. Bxc3 Nxf3+ 21. Bxf3 Bxc3 22. Rf1 Bb5 23. a4 Bc6 24. Bxc6 Qxc6 25. Qd1 e5 26. h3 exf4 27. gxf5 gxf5 28. Kh2 f3 29. d4 Re2 30. d5 Qg6 31. Rg1 Rxf2+ 32. Kh1 Qg2+ 33. Rxg2+ fxg2+ 0-1

[Event "Moscow4"]
[Site "Moscow"]
[Date "1990.??.??"]
[Round "?"]
[White "Nickel, Ruediger"]
[Black "Garkov, Mitko"]
[Result "0-1"]
[WhiteElo "2240"]
[BlackElo "2315"]
[PlyCount "78"]
[EventDate "1990.??.??"]
[EventType "tourn"]
[EventRounds "11"]
[EventCountry "URS"]
[EventCategory "5"]
[SourceTitle "EXT 1997"]
[Source "ChessBase"]
[SourceDate "1996.11.15"]
[SourceVersion "1"]
[SourceVersionDate "1996.11.15"]
[SourceQuality "1"]

1. e4 e5 2. Nf3 Nc6 3. Bb5 a6 4. Bxc6 dxc6 5. Nc3 Bd6 6. d4 exd4 7. Qxd4 f6 8. Be3 Ne7 9. 0-0-0 Be6 10. e5 fxe5 11. Nxe5 0-0 12. Qe4 Qc8 13. Nf3 Bf5 14. Qh4 Ng6 15. Qc4+ Qe6 16. Qxe6+ Bxe6 17. Ne4 Bf4 18. Rde1 Bd5 19. Ned2 Bd6 20. c4 Bf7 21. g3 c5 22. Ng5 Ne5 23. Nxf7 Rxf7 24. Kc2 h6 25. f4 Nc6 26. Nf3 b6 27. a3 Be7 28. Nd2 Rd8 29. Ne4 Bf8 30. Nc3 Nd4+ 31. Bxd4 cxd4 32. Nd5 h5 33. Kd3 a5 34. Re5 c6 35. Nxb6 Bd6 36. Re6 Rb7 37. Nc8 Bf8 38. Rxc6 Rxb2 39. Re1 Bxa3 0-1

[Event "Dortmund op"]
[Site "Dortmund"]
[Date "1989.??.??"]
[Round "11"]
[White "Halasz, Tamas"]
[Black "Garkov, Mitko"]
[Result "1-0"]
[WhiteElo "2400"]
[BlackElo "2415"]
[PlyCount "49"]
[EventDate "1989.03.??"]
[EventType "swiss"]
[EventRounds "11"]
[EventCountry "GER"]
[SourceTitle "EXT 1997"]
[Source "ChessBase"]
[SourceDate "1996.11.15"]
[SourceVersion "1"]
[SourceVersionDate "1996.11.15"]
[SourceQuality "1"]

1. d4 g6 2. e4 Bg7 3. Nc3 d6 4. f4 Nf6 5. Nf3 0-0 6. Be2 c5 7. dxc5 Qa5 8. 0-0 Qxc5+ 9. Kh1 Nc6 10. Bd3 Nb4 11. Qe1 Nxd3 12. cxd3 Bd7 13. Be3 Qa5 14. Bd4 Qd8 15. Qh4 Bc6 16. Rae1 e6 17. f5 exf5 18. exf5 Nd7 19. Re7 Bxf3 20. Bxg7 Re8 21. fxg6 fxg6 22. Qc4+ d5 23. Rxe8+ Qxe8 24. Qd4 Be2 25. Bh6 1-0

[Event "BUL-ch"]
[Site "Elenite"]
[Date "1987.??.??"]
[Round "9"]
[White "Garkov, Mitko"]
[Black "Mollaoglu, Ergin"]
[Result "0-1"]
[WhiteElo "2365"]
[BlackElo "2375"]
[PlyCount "100"]
[EventDate "1987.??.??"]
[EventType "swiss"]
[EventRounds "11"]
[EventCountry "BUL"]
[SourceTitle "EXT 2000"]
[Source "ChessBase"]
[SourceDate "1999.11.16"]
[SourceVersion "1"]
[SourceVersionDate "1999.11.16"]
[SourceQuality "1"]

1. e4 e6 2. d4 d5 3. Nd2 Nf6 4. e5 Nfd7 5. c3 c5 6. f4 Nc6 7. Ndf3 cxd4 8. cxd4 Qb6 9. g3 Bb4+ 10. Kf2 g5 11. Be3 f6 12. Bh3 fxe5 13. fxe5 0-0 14. Bg4 Bc5 15. dxc5 Qxb2+ 16. Ne2 Ndxe5 17. h3 Nxg4+ 18. hxg4 Ne5 19. Kg2 Nxf3 20. Rf1 Bd7 21. Rxf3 Rxf3 22. Kxf3 Rf8+ 23. Kg2 Bb5 24. Rb1 Qxe2+ 25. Qxe2 Bxe2 26. Bxg5 Rf7 27. Bh6 d4 28. Bf4 d3 29. c6 bxc6 30. Rb8+ Rf8 31. Rxf8+ Kxf8 32. g5 e5 33. Be3 a5 34. Kf2 a4 35. Bd2 Ke7 36. Ke3 c5 37. Ke4 Ke6 38. Bc3 Bf1 39. Bd2 c4 40. a3 Bg2+ 41. Ke3 Kf5 42. Bc3 Bd5 43. Bb2 e4 44. Bc3 Kxg5 45. Be1 Kg4 46. Kf2 h5 47. Ke3 Kh3 48. Kf2 Bc6 49. Ke3 Kg2 50. Kd4 Kf1 0-1

[Event "Primorsko op"]
[Site "Primorsko"]
[Date "1987.??.??"]
[Round "9"]
[White "Garkov, Mitko"]
[Black "Ninov, Kiril"]
[Result "0-1"]
[WhiteElo "2365"]
[BlackElo "2315"]
[PlyCount "68"]
[EventDate "1987.??.??"]
[EventType "swiss"]
[EventRounds "11"]
[EventCountry "BUL"]
[SourceTitle "EXT 1997"]
[Source "ChessBase"]
[SourceDate "1996.11.15"]
[SourceVersion "1"]
[SourceVersionDate "1996.11.15"]
[SourceQuality "1"]

1. e4 c5 2. Nf3 e6 3. d4 cxd4 4. Nxd4 a6 5. Nc3 Nc6 6. Be2 Qc7 7. 0-0 Nf6 8. Kh1 Be7 9. f4 d6 10. Be3 0-0 11. a4 Rd8 12. Nb3 d5 13. e5 Ne4 14. Bd3 Na5 15. Nxa5 Qxa5 16. Ne2 Bc5 17. Bxc5 Nxc5 18. c3 Qc7 19. Nd4 Bd7 20. Rf3 Ne4 21. Qe2 Bc6 22. Raf1 Bxa4 23. Rh3 Bb5 24. Bxb5 axb5 25. Qh5 Nf2+ 26. Kg1 Nxh3+ 27. Qxh3 b4 28. Qg4 bxc3 29. bxc3 Qxc3 30. f5 Ra4 31. Rd1 Qe3+ 32. Kf1 Qxe5 33. fxe6 fxe6 34. Re1 Rxd4 0-1

[Event "Plovdiv"]
[Site "Plovdiv"]
[Date "1985.??.??"]
[Round "?"]
[White "Ristic, Nenad"]
[Black "Garkov, Mitko"]
[Result "1-0"]
[WhiteElo "2305"]
[BlackElo "2275"]
[PlyCount "78"]
[EventDate "1985.??.??"]
[EventType "tourn"]
[EventRounds "13"]
[EventCountry "BUL"]
[SourceTitle "EXT 1999"]
[Source "ChessBase"]
[SourceDate "1998.11.16"]
[SourceVersion "1"]
[SourceVersionDate "1998.11.16"]
[SourceQuality "1"]

1. Nf3 Nf6 2. d4 e6 3. e3 b6 4. Bd3 Bb7 5. 0-0 c5 6. c4 cxd4 7. exd4 Be7 8. Nc3 d5 9. cxd5 Nxd5 10. Bb5+ Bc6 11. Bc4 0-0 12. Ne5 Nxc3 13. bxc3 Bb7 14. Qe2 Qc8 15. Bd3 Nd7 16. c4 Nxe5 17. dxe5 Qc6 18. f3 Rac8 19. Bb2 Rfd8 20. Kh1 Ba6 21. Rac1 Rd7 22. Rc2 Rcd8 23. Be4 Qa4 24. f4 g6 25. h3 Bb7 26. Bxb7 Rxb7 27. f5 gxf5 28. Rc3 Qe8 29. Qh5 Kh8 30. Rg3 Rbd7 31. Kh2 Rd3 32. Rff3 Rxf3 33. Rxf3 Rc8 34. Rg3 a6 35. Ba3 f6 36. Qh4 f4 37. Rg4 Rc7 38. Qh6 Qf7 39. Bxe7 Qxe7 1-0

[Event "BUL-ch36"]
[Site "Sofia"]
[Date "1982.12.04"]
[Round "1"]
[White "Inkiov, Ventzislav"]
[Black "Garkov, Mitko"]
[Result "1-0"]
[WhiteElo "2495"]
[BlackElo "2375"]
[PlyCount "63"]
[EventDate "1982.12.04"]
[EventType "tourn"]
[EventRounds "15"]
[EventCountry "BUL"]
[EventCategory "6"]
[SourceTitle "EXT 1999"]
[Source "ChessBase"]
[SourceDate "1998.11.16"]
[SourceVersion "1"]
[SourceVersionDate "1998.11.16"]
[SourceQuality "1"]

1. d4 Nf6 2. c4 e6 3. Nf3 c5 4. e3 d5 5. Nc3 Nc6 6. a3 Ne4 7. Qc2 Nxc3 8. bxc3 dxc4 9. Bxc4 Be7 10. Bd3 h6 11. 0-0 0-0 12. Bb2 b6 13. Rad1 cxd4 14. exd4 Bb7 15. c4 Rc8 16. Qe2 Re8 17. Qe4 g6 18. Qf4 Bg5 19. Qg4 Qf6 20. h4 Qf4 21. Qh3 Bf6 22. Bc1 Qd6 23. Bxh6 Nxd4 24. Nxd4 Qxd4 25. h5 Be4 26. hxg6 fxg6 27. Be3 Qe5 28. f4 Qf5 29. g4 Bxd3 30. gxf5 Bxf1 31. Kxf1 exf5 32. Rd7 1-0

[Event "Varna-21"]
[Site "Varna"]
[Date "1982.05.24"]
[Round "9"]
[White "Nogueiras Santiago, Jesus"]
[Black "Garkov, Mitko"]
[Result "1-0"]
[WhiteElo "2495"]
[BlackElo "2375"]
[PlyCount "119"]
[EventDate "1982.05.15"]
[EventType "tourn"]
[EventRounds "13"]
[EventCountry "BUL"]
[EventCategory "7"]
[SourceTitle "MCL"]
[Source "ChessBase"]
[SourceDate "1999.07.01"]
[SourceVersion "1"]
[SourceVersionDate "1999.07.01"]
[SourceQuality "1"]

1. d4 d5 2. c4 dxc4 3. Nf3 Nf6 4. e3 g6 5. Bxc4 Bg7 6. 0-0 0-0 7. Nc3 Nfd7 8. e4 Nb6 9. Be2 Bg4 10. Be3 Nc6 11. e5 Nd5 12. Qb3 Nxe3 13. fxe3 Bh6 14. Ne4 Be6 15. Qc3 Bd5 16. Ng3 f5 17. exf6 exf6 18. e4 Bf7 19. Bc4 Bg7 20. Rae1 Qe7 21. a3 a6 22. b4 Kh8 23. Bxf7 Qxf7 24. d5 f5 25. Qc4 f4 26. Ne2 Ne5 27. Nxe5 Bxe5 28. Nxf4 Bxf4 29. g3 g5 30. gxf4 gxf4 31. Qc3+ Qg7+ 32. Qxg7+ Kxg7 33. Kf2 Rf6 34. Rc1 c6 35. dxc6 bxc6 36. Rc5 Rd8 37. Rg1+ Kf7 38. Rh5 Rd2+ 39. Ke1 Ra2 40. e5 Ra1+ 41. Kf2 Rxg1 42. Kxg1 Rg6+ 43. Kf2 Ke6 44. Kf3 Kd5 45. Kxf4 Rg7 46. Rh6 Rd7 47. Kf5 c5 48. bxc5 Kxc5 49. Rxa6 Rd2 50. e6 Rf2+ 51. Ke5 Re2+ 52. Kf6 Rf2+ 53. Kg7 Rg2+ 54. Kf7 Rf2+ 55. Ke8 Rxh2 56. e7 Rf2 57. Kd7 Rd2+ 58. Ke6 Kb5 59. Rd6 Re2+ 60. Kf7 1-0

[Event "Varna-21"]
[Site "Varna"]
[Date "1982.05.23"]
[Round "8"]
[White "Garkov, Mitko"]
[Black "Georgiev, Kiril"]
[Result "0-1"]
[WhiteElo "2375"]
[BlackElo "2380"]
[PlyCount "36"]
[EventDate "1982.05.15"]
[EventType "tourn"]
[EventRounds "13"]
[EventCountry "BUL"]
[EventCategory "7"]
[SourceTitle "MCL"]
[Source "ChessBase"]
[SourceDate "1999.07.01"]
[SourceVersion "1"]
[SourceVersionDate "1999.07.01"]
[SourceQuality "1"]

1. d4 d5 2. c4 e6 3. g3 Nf6 4. Bg2 Be7 5. Nf3 0-0 6. 0-0 dxc4 7. Qa4 a6 8. Qxc4 b5 9. Qc2 Bb7 10. Nc3 Nbd7 11. Rd1 c5 12. dxc5 Bxc5 13. b3 Rc8 14. Qb2 Qa5 15. Bd2 Ba3 16. b4 Bxb2 17. bxa5 Bxc3 18. Bxc3 Rxc3 0-1

[Event "Varna-21"]
[Site "Varna"]
[Date "1982.05.18"]
[Round "4"]
[White "Semkov, Semko"]
[Black "Garkov, Mitko"]
[Result "0-1"]
[WhiteElo "2395"]
[BlackElo "2375"]
[PlyCount "113"]
[EventDate "1982.05.15"]
[EventType "tourn"]
[EventRounds "13"]
[EventCountry "BUL"]
[EventCategory "7"]
[SourceTitle "MCL"]
[Source "ChessBase"]
[SourceDate "1999.07.01"]
[SourceVersion "1"]
[SourceVersionDate "1999.07.01"]
[SourceQuality "1"]

1. d4 g6 2. e4 Bg7 3. Nc3 d6 4. Nge2 Nf6 5. g3 0-0 6. Bg2 c5 7. h3 cxd4 8. Nxd4 Nc6 9. Nde2 Bd7 10. 0-0 Rc8 11. Be3 Qa5 12. a4 Ne5 13. b3 Nc6 14. Nd5 Ne8 15. Bd2 Qd8 16. Ra2 e6 17. Ne3 Qc7 18. c3 Nf6 19. c4 Rfd8 20. Bc3 Ne7 21. Qa1 e5 22. g4 Bc6 23. Ng3 Bh6 24. Bd2 Nd7 25. Nd5 Bxd5 26. Bxh6 Be6 27. Ne2 Nc6 28. Qc3 a5 29. Rd2 f6 30. Be3 g5 31. Qb2 Nc5 32. Rfd1 Qb6 33. Rxd6 Qxb3 34. Rxd8+ Rxd8 35. Rxd8+ Nxd8 36. Qd2 Nd7 37. Bxg5 Nc6 38. Be3 Qxc4 39. Bf3 Qxa4 40. Qd6 Qc4 41. Nc3 Nd4 42. Bxd4 exd4 43. Be2 Qc6 44. Qxd4 Qc5 45. Qd2 Kf7 46. Kg2 Ne5 47. Nb5 Qb4 48. Qf4 a4 49. g5 Qe7 50. Bh5+ Kg7 51. h4 Bd7 52. Nc7 Bc6 53. gxf6+ Qxf6 54. Qg3+ Kh6 55. Be2 Qg7 56. Qxg7+ Kxg7 57. Ne6+ 0-1